200 derniers mots de Harry Potter à l'école des sorciers - Statistiques

Statistiques générales
  • Ce quiz a été pris 1 006 fois
  • Le résultat moyen est 113 sur 200
Statistiques - réponses
Mots % Correct
à
97%
d'
95%
l'
95%
s'
94%
m'
93%
Harry.
92%
Harry
92%
Harry ?
92%
le
91%
C'
90%
la
90%
n'
90%
de
88%
de...
88%
et
88%
Et
88%
Hermione.
88%
Hermione
88%
Ron
88%
il
87%
-J'
86%
es
84%
Je
81%
je
81%
on
81%
pas
81%
se
81%
ce
80%
qu'
80%
elle.
79%
Elle
79%
est
79%
tu
77%
que
75%
ils
74%
ne
74%
dès
73%
ça
72%
en
72%
un
72%
au
71%
qui
69%
une
69%
était
67%
été ?
67%
été...
67%
pour
66%
-Vous
66%
nous
64%
Vernon,
64%
Vernon.
64%
oncle
63%
avait
62%
cet
62%
Dudley
62%
Dudley,
62%
avec
61%
dit-
60%
dit
60%
tante
59%
Pétunia
58%
bien
57%
maison.
57%
mon
57%
faire.
55%
magie
55%
famille
51%
avons
50%
voit
50%
Weasley
50%
Weasley.
50%
êtes
49%
grand
49%
vais
49%
eu
48%
avez
47%
amuser
46%
année
46%
dans
45%
espère
45%
lui
45%
sourire.
44%
regard
43%
interdit
42%
jamais
42%
vacances,
42%
gare
41%
savent
40%
crois
38%
usage
38%
vit
38%
vu
37%
Mrs
36%
rien.
35%
garçon,
33%
toi,
33%
bonnes
32%
leur
32%
aussi
31%
-Alors,
29%
Eux,
29%
jetant
28%
passeras
28%
air
27%
répondit
27%
quelqu'
26%
ait
25%
encore
25%
Dépêche-
22%
drôle
22%
hibou
22%
Merci
22%
toujours
22%
cage
20%
milieu
20%
prêt ?
20%
-Très,
20%
-Oh,
19%
gens
18%
remplie
18%
adressa
16%
chargée ?
16%
éloigna.
16%
eut
16%
parler,
16%
pull,
15%
Derrière
14%
tenaient
14%
promener
13%
désagréable.
12%
normaux.
12%
quelques
11%
resta
11%
sûrement,
11%
audace
10%
-Façon
10%
parfaitement
9%
furieux
8%
instants
8%
terrifié
7%
moustachu,
6%
écarlate,
4%
répliqua
4%
Aucun quiz correspondant
Distribution des résultats
% des personnes avec chaque résultat
Percentile par nombre de réponses
Votre historique - résultats
Vous n’avez pas pris ce quiz